[Event "68th RUS-ch Women Superfinal 2018"]
[Site "Satka"]
[Date "2018.09.04"]
[Round "10"]
[White "Gunina, Valentina"]
[Black "Pogonina, Natalija"]
[Result "0-1"]
[WhiteElo "2528"]
[BlackElo "2469"]
[Annotator "RC"]
[PlyCount "180"]
[EventDate "2018.08.25"]
[EventType "tourn"]
[EventCountry "RUS"]
[SourceTitle "playchess.com"]
[Source "ChessBase"]
[SourceQuality "1"]
[TimeControl "40/5400+30:1800+30"]

1. Nf3 {[%emt 0:00:00]} d5 {[%emt 0:00:00]} 2. g3 {[%emt 0:00:00]} Bg4 {[%emt 0:02:50]} 3. Bg2 {[%emt 0:00:00]} c6 {[%emt 0:00:13]} 4. h3 {[%emt 0:00:47]} Bxf3 {[%emt 0:01:14]} 5. Bxf3 {[%emt 0:00:04]} Nf6 {[%emt 0:01:29]} 6. d4 {[%emt 0:00:24]} e6 {[%emt 0:04:21]} 7. O-O {[%emt 0:00:42]} Be7 {[%emt 0:00:37]} 8. Nd2 {[%emt 0:00:37]} O-O {[%emt 0:00:59]} 9. c4 {[%emt 0:00:40]} Nbd7 {[%emt 0:00:49]} 10. Bg2 {[%emt 0:00:34]} Re8 {[%emt 0:02:45]} 11. b3 {[%emt 0:01:32]} Bb4 {[%emt 0:15:04]} 12. Bb2 {[%emt 0:06:04]} Qa5 {[%emt 0:04:29]} 13. Nf3 {[%emt 0:04:02]} Bc3 {[%emt 0:06:08]} 14. Qc2 {[%emt 0:01:27]} Ne4 {[%emt 0:08:43]} 15. Rac1 {[%emt 0:00:20]} Bxb2 {[%emt 0:01:03]} 16. Qxb2 {[%emt 0:00:02]} Qd8 {[%emt 0:01:21]} 17. Rfd1 {[%emt 0:01:38]} Qe7 {[%emt 0:00:41]} 18. e3 {[%emt 0:01:38]} Rec8 {[%emt 0:03:24]} 19. Ne5 {[%emt 0:02:05]} Nxe5 {[%emt 0:04:43]} 20. dxe5 {[%emt 0:00:35]} Nc5 {[%emt 0:00:26]} 21. Rc2 {[%emt 0:08:23]} a5 {[%emt 0:02:45]} 22. Kh2 {[%emt 0:04:17]} h6 {[%emt 0:04:59]} 23. Qd4 {[%emt 0:13:01]} b6 {[%emt 0:05:24]} 24. Qf4 {[%emt 0:03:30]} Rf8 {[%emt 0:02:07]} 25. cxd5 {[%emt 0:11:53]} cxd5 {[%emt 0:01:21]} 26. Qd4 {[%emt 0:06:00]} Qb7 {[%emt 0:02:16]} 27. h4 {[%emt 0:06:33]} Rac8 {[%emt 0:00:53]} 28. Rdc1 {[%emt 0:00:29]} Rfd8 {[%emt 0:01:46]} 29. Bf1 {[%emt 0:07:58]} Qb8 {[%emt 0:02:02]} 30. Bb5 {[%emt 0:02:39]} Rc7 {[%emt 0:01:43]} 31. Qb2 {[%emt 0:00:59]} Rdc8 {[%emt 0:03:47]} 32. a3 {[%emt 0:00:14]} Qa7 {[%emt 0:04:30]} 33. b4 {[%emt 0:01:34]} Nd7 {[%emt 0:01:32]} 34. f4 {[%emt 0:02:55]} Rxc2+ {[%emt 0:03:06]} 35. Rxc2 {[%emt 0:00:01]} Rxc2+ {[%emt 0:00:59]} 36. Qxc2 {[%emt 0:00:01]} Nf8 {[%emt 0:00:52]} 37. Qb2 {[%emt 0:00:35]} axb4 {[%emt 0:02:28]} 38. axb4 {[%emt 0:00:01]} Ng6 {[%emt 0:01:05]} 39. h5 {[%emt 0:04:04]} Ne7 {[%emt 0:00:05]} 40. g4 {[%emt 0:00:00]} Qc7 {[%emt 0:00:00]} 41. Kg3 {[%emt 0:02:12]} Nc8 {[%emt 0:09:30]} 42. Kf2 {[%emt 0:02:57]} Kf8 {[%emt 0:03:13]} 43. Ke2 {[%emt 0:02:06]} Ke7 {[%emt 0:01:32]} 44. Kd2 {[%emt 0:00:54]} Na7 {[%emt 0:07:56]} 45. Bd3 {[%emt 0:01:58]} Nc6 {[%emt 0:00:47]} 46. Qc3 {[%emt 0:01:39]} Qb7 {[%emt 0:02:31]} 47. Bc2 {[%emt 0:02:42]} Nb8 {[%emt 0:01:51]} 48. Qa1 {[%emt 0:01:45]} Qa6 {[%emt 0:01:47]} 49. Qc3 {[%emt 0:01:45]} Kd8 {[%emt 0:00:25]} 50. e4 {[%emt 0:05:38]} dxe4 {[%emt 0:04:23]} 51. Bxe4 {[%emt 0:00:03]} Qb5 {[%emt 0:00:24]} 52. g5 {[%emt 0:03:18]} Na6 {[%emt 0:01:56]} 53. Bd3 {[%emt 0:01:54]} Qd5 {[%emt 0:00:04]} 54. f5 {[%emt 0:02:40]} Nc7 {[%emt 0:00:50]} 55. g6 {[%emt 0:02:25]} exf5 {[%emt 0:01:04]} 56. gxf7 {[%emt 0:00:26]} Qxf7 {[%emt 0:00:21]} 57. Bc4 {[%emt 0:02:14]} Qd7+ {[%emt 0:00:26]} 58. Kc1 {[%emt 0:00:53]} f4 {[%emt 0:00:20]} 59. Bb3 {[%emt 0:00:37]} Ke7 {[%emt 0:01:11]} 60. Qc4 {[%emt 0:02:43]} Ne6 {[%emt 0:00:16]} 61. Qe4 {[%emt 0:00:01]} b5 {[%emt 0:01:52]} 62. Kb1 {[%emt 0:02:28]} Qd4 {[%emt 0:01:09]} 63. Qb7+ {[%emt 0:01:20]} Qd7 {[%emt 0:00:04]} 64. Qa8 {[%emt 0:02:03]} Qd3+ {[%emt 0:00:42]} 65. Bc2 {[%emt 0:00:01]} Qc4 {[%emt 0:01:29]} 66. Qb7+ {[%emt 0:03:58]} Nc7 {[%emt 0:00:05]} 67. Kc1 {[%emt 0:00:04]} Qf1+ {[%emt 0:01:17]} 68. Kb2 {[%emt 0:00:01]} Qc4 {[%emt 0:00:14]} 69. Qa7 {[%emt 0:04:19]} Qxb4+ {[%emt 0:00:58]} 70. Ka2 {[%emt 0:00:03]} Qc3 {[%emt 0:00:21]} 71. Bb3 {[%emt 0:00:48]} Qxe5 {[%emt 0:00:09]} 72. Qa3+ {[%emt 0:00:13]} Kf6 {[%emt 0:01:10]} 73. Qf8+ {[%emt 0:00:38]} Kg5 {[%emt 0:00:03]} 74. Qf7 {[%emt 0:00:53]} Kh4 {[%emt 0:00:38]} 75. Qg6 {[%emt 0:00:48]} b4 {[%emt 0:00:35]} 76. Qg2 {[%emt 0:00:39]} Qa5+ {[%emt 0:00:44]} 77. Kb1 {[%emt 0:00:10]} Qf5+ {[%emt 0:00:16]} 78. Bc2 {[%emt 0:00:04]} Qg4 {[%emt 0:00:27]} 79. Qf2+ {[%emt 0:00:53]} Qg3 {[%emt 0:00:11]} 80. Qd4 {[%emt 0:00:43]} Qe1+ {[%emt 0:00:31]} 81. Ka2 {[%emt 0:00:38]} Ne6 {[%emt 0:00:13]} 82. Qd5 {[%emt 0:00:27]} Qe2 {[%emt 0:00:41]} 83. Kb1 {[%emt 0:00:22]} Qe3 {[%emt 0:00:51]} 84. Bb3 {[%emt 0:00:44]} Nd4 {[%emt 0:00:31]} 85. Bc4 {[%emt 0:00:29]} b3 {[%emt 0:00:37]} 86. Qd8+ {[%emt 0:00:28]} Kg3 {[%emt 0:00:11]} 87. Qc7 {[%emt 0:00:11]} Qe4+ {[%emt 0:00:52]} 88. Ka1 {[%emt 0:00:16]} Qa8+ {[%emt 0:00:40]} 89. Kb2 {[%emt 0:00:14]} Qa2+ {[%emt 0:00:12]} 90. Kc3 {[%emt 0:00:02]} Nb5+ {[%emt 0:00:10] Kd4} 0-1

[Event "68th RUS-ch Women Superfinal 2018"]
[Site "Satka"]
[Date "2018.09.04"]
[Round "10"]
[White "Bodnaruk, Anastasia"]
[Black "Kosteniuk, Alexandra"]
[Result "0-1"]
[WhiteElo "2449"]
[BlackElo "2559"]
[Annotator "TA"]
[PlyCount "88"]
[EventDate "2018.08.25"]
[EventType "tourn"]
[EventCountry "RUS"]
[SourceTitle "playchess.com"]
[Source "ChessBase"]
[SourceQuality "1"]

{[%evp 26,88,11,0,0,0,11,-15,0,-10,-16,-8,0,-25,-35,-27,-20,-37,-26,-26,-41,-29,-20,-37,-12,-13,-11,-66,-55,-191,-191,-226,-202,-226,-217,-321,-299,-318,-312,-375,-321,-546,-552,-562,-556,-558,-540,-630,-631,-2114,-2075,-29975,-29973,-29945,-2026,-29980,-29981,-29981,-29982,-29982,-29983,-29983,-29984,-29983,-29984]} 1. e4 e5 2. Nf3 Nc6 3. Bb5 a6 4. Ba4 Nf6 5. O-O Be7 6. Re1 b5 7. Bb3 O-O 8. c3 d5 9. d4 exd4 10. e5 {C89: Closed Ruy Lopez: Marshall Attack} Ne4 11. cxd4 Bf5 12. Nc3 Nxc3 13. bxc3 Na5 14. Bc2 {LiveBook: 4 Games} Bxc2 15. Qxc2 Nc4 16. Nd2 (16. a4 Qd7 17. Bg5 bxa4 18. Rxa4 {0-1 (54) Hou,Y (2680)-Matlakov,M (2718) Wijk aan Zee 2018}) 16... Nxd2 17. Bxd2 c5 18. Be3 $146 ({Predecessor:} 18. dxc5 Bxc5 {½-½ (27) Nogga,U (2144)-Kuhl,E (2068) GER email 2009}) 18... Rc8 19. f4 b4 20. f5 {next f6! is good for White.} f6 {White must now prevent ...cxd4.} 21. dxc5 Bxc5 22. Bxc5 Rxc5 23. Qf2 $1 {[%cal Rf2c5]} Rxc3 24. e6 Qe7 25. Kh1 Qc5 $36 {[%mdl 2048] Black is more active.} 26. Qh4 (26. Qe2 $11) 26... Rc2 $15 27. Rad1 ({Better is} 27. h3 $15) 27... Rxa2 $19 28. Qh5 {[#] Hoping for e7.} Qf2 {[%csl Ga2][%cal Rf2g2]} 29. Rg1 Re2 30. Rdf1 (30. h3 $142) 30... Qe3 31. Rf3 Qg5 32. Qh3 Re5 33. g3 $2 (33. Rff1 {keeps fighting.}) 33... Qd2 34. g4 h6 35. Rd3 Qc2 36. Qf3 Re2 {[%csl Gc2][%cal Re2h2] [#]} 37. Rgd1 b3 {[%cal Bb4b3,Bb3b2][%mdl 32]} 38. Rxd5 b2 39. e7 Rxe7 ({Not} 39... b1=Q 40. exf8=Q+ Kxf8 41. Rd8+ Re8 42. Rxe8+ Kxe8 43. Qa8+ Kf7 44. Qd5+ Kf8 45. Qd8+ Kf7 46. Qd5+ Ke7 47. Qd8+ Kf7 48. Qd7+ Kf8 49. Qd8+ Kf7 $11) (39... Re8 $142 40. Rd7 b1=Q 41. Qxe2 Qxe2 42. Rxb1 Qf3+ 43. Kg1 Qxg4+ 44. Kf2 Qxf5+ 45. Kg2 Qxd7 46. Re1 a5 47. Kf3 Rxe7 48. Rxe7 Qxe7 49. Kf2 a4 50. Kf3 a3 51. Kf2 a2 52. h4 a1=Q 53. h5 Qh1 54. Kg3 Qe3+ 55. Kg4 Qhh3#) 40. Qd3 Re2 {Black mates.} 41. Qxc2 Rxc2 42. Rb1 Rc1+ 43. Rd1 Rxd1+ 44. Rxd1 Rc8 {Precision: White = 35%, Black = 79%.} 0-1

[Event "68th RUS-ch Women Superfinal 2018"]
[Site "Satka"]
[Date "2018.09.04"]
[Round "10"]
[White "Kashlinskaya, Alina"]
[Black "Tomilova, Elena"]
[Result "1-0"]
[WhiteElo "2440"]
[BlackElo "2332"]
[Annotator "TA"]
[PlyCount "87"]
[EventDate "2018.08.25"]
[EventType "tourn"]
[EventCountry "RUS"]
[SourceTitle "playchess.com"]
[Source "ChessBase"]
[SourceQuality "1"]

{[%evp 20,87,60,55,118,102,187,185,210,205,268,271,259,262,260,261,249,198,198,205,288,293,276,273,280,277,300,253,636,639,599,599,858,754,1435,1417,4486,1292,725,433,425,435,415,251,598,594,544,204,350,312,807,522,2543,1854,29981,29982,12844,12837,5891,0,12844,12844,12845,12845,29989,29990,29990,29991,29991,11384]} 1. d4 d5 2. c4 dxc4 3. e3 Nf6 4. Bxc4 e6 5. Nf3 c5 6. O-O Nc6 7. Nc3 cxd4 8. exd4 Be7 9. Bg5 O-O 10. Qd2 {E57: Nimzo-Indian: Rubinstein: Main Line: 7...Nc6 8 a3 dxc4 9 Bxc4 cxd4} (10. a3 b6 11. Qd3 Bb7 12. Rad1 h6 13. Bh4 Nh5 14. Bg3 Nxg3 15. hxg3 Bf6 16. d5 exd5 17. Bxd5 Na5 18. Qe4 Qc8 19. Ne5 Bxe5 20. Qxe5 {½-½ (45) Timofeev,A (2539)-Aleksandrov,A (2606) St Petersburg 2015}) 10... Na5 11. Bd3 $1 {LiveBook: 3 Games} b6 (11... Nc6 $14) 12. Qf4 $1 $16 {White is better.} Bb7 (12... g6 $16 {is a better defense.}) 13. Qh4 $1 $18 {Black must now prevent Bxf6.} g6 14. d5 $146 ({Predecessor:} 14. Be4 Re8 15. Bxb7 Nxb7 16. Ne5 Rc8 17. Nb5 Nh5 18. Bxe7 Qxe7 19. Qxe7 Rxe7 20. Nxa7 Rc2 21. Rfc1 Rec7 22. Rxc2 Rxc2 23. b3 Nd6 24. Nac6 {½-½ (24) Filip,L (2444)-Dimitrov,R (2495) Albena 2015}) 14... Bxd5 {[#]} 15. Ne4 $1 {[%cal Re4f6]} Bxe4 16. Bxe4 h6 17. Bxh6 {Bg5 is the strong threat.} Rc8 18. Bxf8 Qxf8 19. Rac1 Rc5 (19... Qe8 $142 20. Ng5 Nc6) 20. Rxc5 bxc5 21. Qf4 Qe8 22. b3 Qb5 23. Qe5 Qe2 $2 (23... Qd7 24. Qf4 Kg7) 24. Qc7 Kf8 25. Bxg6 Qxa2 26. Ne5 Nxb3 27. Nc6 Nd5 28. Qb8+ (28. Qc8+ $142 Kg7 {[#]} 29. Bxf7 $1 {[%mdl 512]} Kxf7 30. Ne5+ Kg7 31. Qxe6) 28... Kg7 29. Bb1 Qb2 30. Be4 {And now Bxd5 would win.} Bh4 31. g3 Nc3 $2 (31... Bf6 32. Rb1 Qd2) 32. Bf3 ({Weaker is} 32. gxh4 Nxe4 33. Qf4 Qe2 $16) 32... Bf6 33. Na5 $2 (33. Bh5 Qc2 34. Qxa7 Ne2+ 35. Kg2 Qe4+ 36. f3) 33... c4 (33... Ne2+ $142 34. Bxe2 Nxa5 35. Qxb2 (35. Qxa7 Qxe2 36. Qxa5 c4 $16) 35... Bxb2) 34. Nxc4 Qa2 $2 (34... Qc2 35. Qb7 Nc5 36. Qxa7 Qf5) 35. Nd6 Bd4 36. Qb7 Nd2 37. Qxf7+ Kh6 38. Qf4+ Kh7 39. Qf7+ (39. Bh5 $142 Nxf1 40. Qf7+ Bg7 41. Ne8 (41. Kxf1 Qa6+ 42. Kg1 Qxd6 $17) 41... Ne2+ 42. Bxe2) 39... Kh6 $1 {[#]} 40. Bh5 $1 {[%csl Gh5][%cal Rf7g6]} Qc2 41. Re1 Nd5 42. Qxe6+ {White mates.} Nf6 43. Nf5+ Kxh5 44. Nxd4 {Precision: White = 69%, Black = 17%.} (44. Qf7+ $142 Kg5 45. Nxd4 Qg6 46. f4+ Kh5 47. Re5+ Kh6 48. Nf5+ Qxf5 49. Rxf5 Nde4 50. Rxf6+ Nxf6 51. f5 Nh7 52. Qg6#) 1-0

[Event "68th RUS-ch Women Superfinal 2018"]
[Site "Satka"]
[Date "2018.09.04"]
[Round "10"]
[White "Galliamova, Alisa"]
[Black "Goryachkina, Aleksandra"]
[Result "0-1"]
[WhiteElo "2424"]
[BlackElo "2535"]
[Annotator "TA"]
[PlyCount "104"]
[EventDate "2018.08.25"]
[EventType "tourn"]
[EventCountry "RUS"]
[SourceTitle "playchess.com"]
[Source "ChessBase"]
[SourceQuality "1"]

{[%evp 19,104,0,0,0,0,0,2,0,0,0,0,0,16,12,16,10,37,37,37,45,55,28,46,50,41,36,34,52,24,20,63,66,102,75,108,90,90,103,83,81,114,66,48,17,16,17,68,0,0,0,0,0,0,0,-37,-175,-175,-252,-247,-349,-191,-556,-545,-767,-756,-2018,-1938,-1947,-1900,-2072,-1948,-2212,-1686,-1673,-1658,-1607,-1410,-1343,-1206,-12841,-12842,-29983,-29984,-29984,-29982,-29985,-12843]} 1. d4 d5 2. c4 c6 3. Nc3 Nf6 4. e3 e6 5. Nf3 Nbd7 6. Be2 Bd6 7. O-O O-O 8. a4 {D45: Semi-Slav: 5 e3} (8. b3 b6 9. Bb2 Bb7 10. Qc2 Qe7 11. Rfe1 Rfe8 12. Rad1 Rad8 13. Bf1 c5 14. cxd5 exd5 15. g3 a6 16. Bg2 Rc8 17. Qb1 h6 18. Nh4 c4 19. Nf5 Qf8 20. Nxd6 Qxd6 21. bxc4 Rxc4 {½-½ (57) Ding,L (2778)-Topalov,V (2749) Shamkir 2018}) 8... a5 9. b3 b6 10. Bb2 Bb7 {LiveBook: 3 Games} 11. Rc1 $146 ({Predecessor:} 11. Qc2 Rc8 12. Rac1 Qe7 13. Qb1 Rfe8 14. Rfd1 h6 15. h3 Qf8 16. Qa1 Qe7 17. Qb1 Qf8 18. Qa1 Qe7 19. Qb1 {½-½ (19) Azarov,S (2570)-Checa,N (2485) Philadelphia 2018}) 11... Rc8 12. Bd3 Re8 13. Re1 Bb4 14. Re2 h6 15. Rec2 Qe7 16. Na2 Bd6 17. Ne5 Bxe5 (17... c5 {feels hotter.} 18. Nxd7 Nxd7 19. Nc3 cxd4 20. exd4 dxc4 21. bxc4 Rcd8) 18. dxe5 Ne4 19. Bxe4 dxe4 20. Nc3 {aiming for Rd2.} Nxe5 21. Nxe4 Rcd8 22. Qh5 Ng6 23. c5 Rd5 24. Qe2 bxc5 25. Nxc5 Red8 26. g3 e5 27. e4 R5d6 28. Bc3 Ra8 29. Qe1 Bc8 30. Rd2 Bh3 31. Rxd6 Qxd6 32. Qe3 h5 ({Black should try} 32... Nf8 $11) 33. Nb7 (33. Nd3 $14) 33... Qc7 $11 34. Nxa5 Rxa5 35. Bxa5 Qxa5 36. Rxc6 Nf8 37. f4 {[#]} ({White should play} 37. Rc1 $1 $15) 37... Ne6 $1 $19 {[%mdl 1024] And now ...exf4 would win. Black has strong compensation.} 38. f5 (38. Kf2 $142) 38... Nd4 39. Rc4 {[#]} (39. Rc8+ {was forced.} Kh7 40. Rc1) 39... Nxb3 $1 $40 {[%mdl 640] Black has strong attack.} 40. Kf2 $2 (40. g4) (40. Qxb3 Qe1#) 40... f6 41. g4 hxg4 42. Rc8+ Kh7 43. Rc4 Nd2 44. Rc2 Nf3 45. Kg3 Qxa4 46. Rb2 Ng5 47. Re2 Qc4 48. Re1 Nf3 49. Re2 Qf7 50. Qc5 Qh5 {[%csl Gf3][%cal Rh5h4] Black mates.} 51. Kf2 Qh4+ 52. Ke3 Qg5+ {Precision: White = 44%, Black = 71%.} (52... Bf1 $142 53. Kd3 Bxe2+ 54. Kc3 Nd4 55. Qb6 Qe1+ 56. Kb2 Qd2+ 57. Kb1 Qc2+ 58. Ka1 Qc1+ 59. Qb1 Nc2+ 60. Ka2 Qa3#) 0-1

[Event "68th RUS-ch Women Superfinal 2018"]
[Site "Satka"]
[Date "2018.09.04"]
[Round "10"]
[White "Shuvalova, Polina"]
[Black "Girya, Olga"]
[Result "0-1"]
[WhiteElo "2413"]
[BlackElo "2462"]
[Annotator "TA"]
[PlyCount "120"]
[EventDate "2018.08.25"]
[EventType "tourn"]
[EventCountry "RUS"]
[SourceTitle "playchess.com"]
[Source "ChessBase"]
[SourceQuality "1"]

{[%evp 19,120,8,26,-4,-7,-39,-41,-37,12,-29,-24,-36,-41,-48,-45,-79,-79,-79,-22,-65,-64,-79,-79,-79,-79,-79,-79,-79,-79,-126,-108,-114,-81,-87,-89,-111,-88,-103,-100,-137,-109,-128,-122,-275,-263,-273,-262,-317,-318,-329,-329,-318,-331,-322,0,-63,0,-316,-200,-201,-192,-199,-203,-176,-191,-371,-363,-472,-471,-834,-844,-802,-822,-29945,-9842,-1466,-1438,-1255,-540,-540,-320,-4682,-4939,-4539,-1442,-29975,-29977,-29980,-29981,-29981,-29981,-29981,-29982,-29982,-29983,-29983,-29984,-29984,-29985,-29985,-29986,-29986,-29985]} 1. e4 c6 2. d4 d5 3. e5 Bf5 4. Nd2 e6 5. Nb3 h6 (5... Nd7 6. Nf3 Ne7 7. Be2 Ng6 8. O-O f6 9. c4 dxc4 10. Bxc4 fxe5 11. Ng5 Qf6 12. g4 Nf4 13. Bxf4 exf4 14. Nxe6 Bxe6 15. Bxe6 {½-½ (46) Grischuk,A (2766)-Mamedyarov,S (2808) Paris 2018}) 6. Nf3 {B12: Caro-Kann: Advance Variation} Ne7 7. Be2 Nd7 8. O-O Qc7 9. a4 g5 10. a5 a6 {LiveBook: 4 Games} 11. Bd2 O-O-O 12. c4 $146 ({Predecessor:} 12. h3 f6 13. exf6 Ng6 {0-1 (26) Savchenko,B (2634)-Hamitevici,V (2487) Minsk 2017}) 12... f6 13. exf6 Ng6 14. Rc1 Nxf6 15. cxd5 Nxd5 16. Nc5 g4 17. Ne5 Nxe5 18. dxe5 Nf4 (18... Bxc5 $17 19. Rxc5 Qxe5) 19. Bxg4 Bxc5 20. Rxc5 Qe7 21. Rc4 Bxg4 22. Qxg4 Nxg2 $1 23. Bb4 Qf7 24. Kh1 {[#]} Ne3 $1 {[%cal Re3g4][%mdl 512]} 25. Rf4 (25. fxe3 Qxf1+) 25... Nxg4 (25... Nf5 {feels hotter.} 26. Bd6 Rhg8 27. Qf3 Rg5 28. Rc1 Qd7) 26. Rxf7 Nxe5 27. Rf6 Nd3 28. Bc3 e5 $36 {[%mdl 2048] Black is on the roll.} 29. f3 Rhg8 30. h4 Rg3 {And now ...Nf4 would win.} 31. Rg1 $2 (31. Kh2 $17 {was necessary.} Rdg8 32. Rf8+ $1 {[%mdl 512]} Rxf8 33. Kxg3) 31... Rh3+ $19 32. Kg2 Rxh4 33. Kf1 Nf4 34. Rf7 Rh3 35. Kf2 Rh2+ 36. Kg3 Rh3+ $2 (36... Rh5 $19 {aiming for ...Rg8+.} 37. Rg7 Rh3+ 38. Kf2 Rh2+ 39. Kg3 Re2) 37. Kf2 $15 Rh2+ $2 {[%mdl 8192]} (37... Nd3+ $1 $15 38. Ke3 e4 $1 {[%mdl 512]} 39. Kxe4 Nc5+ 40. Ke3 Re8+ 41. Kd2 Rh2+ 42. Kc1 Kb8) 38. Kg3 $19 Re2 {( -> ...Rg8+)} 39. Kh4 Ng2+ 40. Kh5 Rd6 41. Rf8+ Kd7 {Threatens to win with ...Nf4+.} 42. Rf7+ $2 {[#]} (42. Bb4 {was called for.} Rd4 43. Bc5) 42... Ke6 $1 {[%cal Re6f7]} 43. Rxb7 Nf4+ 44. Kxh6 (44. Kh4 $142 Rh2+ 45. Kg3 Rh3+ 46. Kg4 h5+ 47. Kg5 Rxf3 48. Re1) 44... Kf5+ 45. Kg7 Ne6+ 46. Kh8 Rd8+ 47. Rg8 Rh2+ 48. Rh7 Rxh7+ (48... Rxg8+ $142 49. Kxg8 Rxh7 50. Kxh7 Ng5+ 51. Kg8 Nxf3) 49. Kxh7 {[%mdl 4096] Endgame intending Rxd8. KRB-KRN} Ng5+ 50. Kh8 $2 (50. Rxg5+ Kxg5 51. Bxe5) 50... Rxg8+ 51. Kxg8 Nxf3 {KB-KN} 52. Kf7 e4 {Black mates.} 53. Ke7 e3 54. Kd6 Ke4 55. Kc5 Kd3 56. Kb6 e2 57. Kxa6 Nd2 58. Bxd2 Kxd2 59. Kb7 e1=Q 60. a6 c5 {Precision: White = 25%, Black = 86%.} 0-1

[Event "68th RUS-ch Women Superfinal 2018"]
[Site "Satka"]
[Date "2018.09.04"]
[Round "10"]
[White "Gritsayeva, Oksana"]
[Black "Protopopova, Anastasiya"]
[Result "1/2-1/2"]
[WhiteElo "2391"]
[BlackElo "2332"]
[Annotator "TA"]
[PlyCount "81"]
[EventDate "2018.08.25"]
[EventType "tourn"]
[EventCountry "RUS"]
[SourceTitle "playchess.com"]
[Source "ChessBase"]
[SourceQuality "1"]

{[%evp 26,81,13,8,22,15,16,6,5,0,59,13,33,21,24,16,12,0,6,3,80,35,81,81,151,14,32,13,15,0,7,0,0,0,0,2,70,68,75,54,107,116,112,70,74,70,106,0,0,0,0,0,0,0,0,0,0,0]} 1. e4 e5 2. Nf3 Nc6 3. Nc3 Nf6 4. d4 exd4 5. Nxd4 Bb4 6. Nxc6 bxc6 7. Bd3 d5 8. exd5 cxd5 9. O-O O-O 10. h3 {C47: Scotch Four Knights and Four Knights with 4 g3} c6 11. Qf3 Rb8 (11... Bd6 12. Bf4 Be6 13. Rfe1 Bxf4 14. Qxf4 Qb8 15. Qxb8 Raxb8 16. Na4 Nd7 17. b3 c5 {½-½ (35) Nakamura,H (2777)-So,W (2780) Saint Louis 2018}) 12. Bf4 Bd6 13. b3 Be6 14. Ne2 {LiveBook: 21 Games} a5 15. Nd4 $146 ({Predecessor:} 15. c3 Re8 16. Rad1 c5 17. Rfe1 Qc7 18. Bxd6 Qxd6 {0-1 (82) Belenkaya,D (2303)-Berend,E (2303) Riadh 2017}) 15... Qc7 16. Bxd6 Qxd6 17. Rfe1 Rb4 (17... Rfe8 $11) 18. c3 (18. c4 $5) 18... Rb7 19. Qe3 {[%cal Rd4e6]} Re8 20. Nf5 Qd8 21. Qc5 {aiming for Nd6.} Bxf5 22. Bxf5 Qc7 (22... g6 $11 23. Bd3 Qb6 24. Qxb6 Rxb6) 23. Rxe8+ $1 $16 Nxe8 24. Re1 {[%cal Re1e8]} Nf6 {[#]} (24... Nd6 $142) 25. Bd3 (25. Re6 $1 $16 {[%mdl 512]}) 25... g6 $1 $11 26. g3 Kg7 27. Re3 Nd7 $132 {[%mdl 2048] Black is not keeping still} 28. Qd4+ Nf6 $1 29. Qc5 Nd7 30. Qe7 {Threatens to win with Rf3.} Nf8 ({Better is} 30... Nf6 $11 31. Qc5) 31. Qxc7 $14 Rxc7 {[%mdl 4096] Endgame KRB-KRN} 32. Re8 Ra7 (32... a4 $14) 33. Rc8 $16 Nd7 34. Be2 c5 35. Bb5 c4 36. Bxd7 (36. bxc4 $16 Nb6 37. Rc6 Nxc4 38. Bxc4 dxc4 39. Rxc4) 36... cxb3 $1 $11 {The position is equal.} 37. axb3 Rxd7 38. Rc5 Rb7 39. Rxa5 Rxb3 40. Rxd5 Rxc3 41. Kg2 {Precision: White = 46%, Black = 47%.} 1/2-1/2

[Event "68th RUS-ch Women Superfinal 2018"]
[Site "Satka"]
[Date "2018.09.05"]
[Round "11"]
[White "Kosteniuk, Alexandra"]
[Black "Gritsayeva, Oksana"]
[Result "1-0"]
[WhiteElo "2559"]
[BlackElo "2391"]
[Annotator "TA"]
[PlyCount "79"]
[EventDate "2018.08.25"]
[EventType "tourn"]
[EventCountry "RUS"]
[SourceTitle "playchess.com"]
[Source "ChessBase"]
[SourceQuality "1"]

{[%evp 17,79,58,58,39,45,0,33,51,32,43,59,66,193,203,188,89,155,169,149,168,160,92,80,95,95,95,113,116,118,117,172,164,298,300,302,293,333,316,322,330,347,331,358,344,342,343,354,354,524,506,510,491,500,523,508,479,533,525,572,560,537,483,515,502]} 1. e4 c5 2. Nf3 Nc6 3. d4 cxd4 4. Nxd4 Nf6 5. Nc3 e5 6. Ndb5 {[%cal Bd4b5,Bb5a3,Ba3c4][%mdl 32]} d6 7. Bg5 a6 8. Na3 Be6 9. Nc4 {B33: Sizilianisch (Lasker/Pelikan/Sweschnikow-Variante)} Rb8 {LiveBook: 39 Partien} 10. Qd2 (10. Nd5 Bxd5 11. Bxf6 Qxf6 12. Qxd5 Nb4 13. Qd2 d5 14. a3 dxc4 15. axb4 Rd8 16. Qe3 Qg6 {½-½ (30) Harikrishna,P (2752)-Radjabov,T (2722) Monzon 2016}) 10... Nd4 $146 ({Vorgänger:} 10... Be7 11. Bxf6 gxf6 12. O-O-O Nd4 13. Nd5 Bxd5 14. exd5 f5 15. Kb1 b5 16. Na3 f4 {1-0 (27) Byrne,A (1955)-Terbe,Z (2160) Fornebu 2016}) 11. f4 {Weiß steht etwas besser.} (11. Bxf6 $5 gxf6 12. Ne3 $11) 11... b5 12. fxe5 dxe5 13. Nxe5 {[#] Schwarz muss nun 0-0-0 beachten.} b4 14. Ne2 Qc7 (14... Nxe2 $14 15. Qxd8+ Rxd8) 15. Nxd4 $18 (15. Qxd4 Rd8 $17) 15... Qxe5 16. Bxf6 ({Keinesfalls} 16. Bxa6 $6 Bc5 $16) (16. O-O-O $18 {bietet bessere Gewinnchancen.} Rd8 17. Bxa6 Rxd4 18. Bxf6 Rxd2 19. Bxe5 Rxd1+ 20. Rxd1) 16... Qxe4+ {[#]} (16... Qxf6 $142 17. Nxe6 (17. Bxa6 Qh4+ 18. Kd1 Rd8 $14) 17... Qxe6) 17. Be2 $1 $16 gxf6 18. O-O-O $40 {[%mdl 128] Weiss hat starken Angriff.} Bc5 {Droht ...Td8 und aus.} 19. Rhe1 ({Lieber} 19. Bxa6 O-O 20. Rhe1 Qxd4 21. Qxd4 Bxd4 22. Rxd4) 19... Qxd4 20. Qxd4 Bxd4 21. Rxd4 Rb6 22. Bd3 Rg8 23. g3 h6 (23... Rg5 $16) 24. Rh4 Rh8 (24... Rg5 $142 25. Rf1 (25. Rxh6 Ke7 $16) 25... Ra5) 25. Ree4 $18 a5 26. Rh5 Kf8 27. Rxa5 Kg7 28. b3 Rhb8 29. Kb2 R8b7 30. Rd4 Rb8 31. Rh4 Bd7 32. Rah5 Rh8 (32... R6b7 {war einen Versuch wert.} 33. Rxh6 Rb6 34. Rh7+ Kf8) 33. Rd5 {Weiß steht klar auf Gewinn.} Rb7 34. Rhd4 Be6 35. Rb5 Ra7 36. Rdxb4 Rc8 37. Rb7 Ra5 38. R4b5 Raa8 39. R5b6 {zielt auf Txe6 ab.} Kf8 40. a4 {Precision: Weiß = 74%, Schwarz = 35%.} 1-0